| 000 | 01040nmc a2200349 a 4500 | ||
|---|---|---|---|
| 003 | AR-BaBNM | ||
| 005 | 20251128204918.0 | ||
| 008 | 076019s1982 ||||||||||||||000 | spa|| | ||
| 020 | _a84-7112-099-2 | ||
| 040 | _cAR-BaBNM | ||
| 100 | 1 | _aBest, John W. | |
| 245 | 1 | 0 | _aCómo investigar en educación |
| 250 | _a9ª ed. | ||
| 260 |
_aMadrid _bEdiciones Morata _c1982 |
||
| 300 | 0 |
_a510 p. _bil., tablas, gráfs. |
|
| 490 | 0 | _aPedagogía | |
| 500 | 0 | _aApéndices: p. 365-494 | |
| 500 | 0 | _aIndice de materias: p. 495-504 | |
| 500 | 0 | _aIndice de autores: p. 505-510 | |
| 504 | _aBibliografía al final de cada capítulo | ||
| 650 | 4 | _aCIENCIAS SOCIALES | |
| 650 | 4 | _aINVESTIGACION EXPERIMENTAL | |
| 650 | 4 | _aPROBLEMAS DE INVESTIGACION | |
| 650 | 4 | _aANALISIS DE DATOS | |
| 650 | 4 | _aANALISIS ESTADISTICO | |
| 650 | 4 | _aMETODOS DE INVESTIGACION | |
| 653 | 0 | _aINVESTIGACION EDUCATIVA | |
| 700 | 1 |
_aGonzalvo Mainar, Gonzalo _etraductor |
|
| 700 | 1 |
_aPaya Ibars, María Raquel _eprologuista |
|
| 942 | _cBK | ||
| 998 | _cGrace | ||
| 999 |
_c9301 _d9301 |
||